La información [juego] /
Guardado en:
| Formato: | Objeto Físico |
|---|---|
| Publicado: |
Argentina :
Bontus,
[201?]
|
| Materias: | |
| Etiquetas: |
Agregar Etiqueta
Sin Etiquetas, Sea el primero en etiquetar este registro!
|
| LEADER | 00869nrm a22001695g 4500 | ||
|---|---|---|---|
| 001 | CEM.cems019285 | ||
| 008 | 130507b201?##################0###0#####d | ||
| 005 | 20220830110311.0 | ||
| 003 | CEMS | ||
| 245 | 0 | 0 | |a La información [juego] / |c Bontus. |
| 260 | |a Argentina : |b Bontus, |c [201?] | ||
| 300 | |a 1 juego (336 cartas con preguntas: 37 cartas información y 5 desafío color naranja, 37 cartas información y 5 desafío color azul, 12 fichas categoría sociedad y espectáculo, 12 deportes y variedades, 12 ciencia y naturaleza, 12 política y economía) ; en caja 14 x 19 x 7 cm. + manual de instrucciones. | ||
| 490 | J | u | |g Los diarios / Bontus |
| 500 | |a Para 2 a 10 jugadores adultos objetivo:responder las preguntas solos o con una fuente | ||
| 082 | 0 | 4 | |a J793.73 |
| 653 | |a 1. juegos de preguntas y respuestas | ||
| 859 | |a CEMS |b BIB. CEMS - Ludoteca |h J793.73 |i B639 |p 404.12 |t Ej.1 | ||
